1634 1516 1399 1728 1255 1388 1764 1648 1215 1794 1337 1610 1843 1122 1150 1514 1131 1530 1298 1099 1664 1472 1098 1516 1541 1387 1688 1596 1638 1919 1113 1571 1463 1775 1359 1316 1362 1450 1909 1776 1277 1328 1159 1496 1642 1585 1848 2000 1257 1073 1649 1639 1178 1473 1056 1537 1411 1298 1789 1368 1208 1186 1108 1368 1962 1982 1832 1622 1711 1097 1343 1099 1499 1325 1191 1718 1646 1457 1091 1120 1266 1662 1723 1108 1378 1199 1840 1475 1697 1626 1494 1287 1248 1894 1569 1391 1115 1934 1337 BCNSPRNW ULIB Ver.6.0+V

เปลี่ยนเป็นภาษาไทย

Change to English
 แสดงรายละเอียดบรรณานุกรม
  กลับหน้าหลัก

Brief Record : Get Marc (ISO 2709) : E-mail record : QR code < ปิดหน้าต่าง
LEADER : 00000nam 2200000uu 4500
001    13399108357
003     ULIB
008    110214s2545||||th 000 0 tha d
020    9746131737(ล.2)
060  4 WY154^bส719อ ล.2 2545
110 1  มหาวิทยาลัยสุโขทัยธรรมาธิราช^bสาขาวิชาวิทยาศาสตร์สุขภาพ
245 00 เอกสารการสอนชุดวิชา กรณีเลือกสรรการพยาบาลฉุกเฉินและวิกฤต หน่วยที่9-15=^bSelected case study on emergency and critical nursing/^cพรจันทร์ สุวรรณชาตและคณะ
246 31  Selected case study on emergency and critical nursing
250    พิมพ์ครั้งที่ 15
260    นนทบุรี:^bศูนย์หนังสือมหาวิทยาลัยสุโขทัยธรรมาธิราช,^c2545
300    588 หน้า
650  7 การพยาบาลฉุกเฉิน
650  7 ปฐมพยาบาล
700 0  พาณี สีตกะลิน,^eบรรณาธิการ
710 2  มหาวิทยาลัยสุโขทัยธรรมาธิราช^bสาขาวิชาวิทยาศาสตร์สุขภาพ
945    ^p0^l0^i018562
945    ^p0^l0^i018561
995    ทศพร
999 ^a ใช้งานได้ทุกระบบ
รายการนี้ยังไม่มีแท็ก
คุณยังไม่ได้ล็อกอิน คุณสามารถมีกิจกรรมร่วมกับเว็บไซต์ได้ แต่ต้องล็อกอินก่อน ::
  ล็อกอิน

รายการสื่อสารสนเทศ

ลำดับที่ ประเภท เลขเรียก/บาร์โค้ด สถานที่ สถานะ
- ไม่พบข้อมูล -

รายการใกล้เคียง
    หัวเรื่อง [การพยาบาลฉุกเฉิน]
    หัวเรื่อง [ปฐมพยาบาล]

BibComment


ยังไม่เคยถูกคอมเมนท์

คอมเมนท์ทรัพยากรรายการนี้
  คอมเมนท์: เอกสารการสอนชุดวิ..


 Copyright 2026. Bcnsprnw @Library